IMF Macroeconomic Research on Low-Income Countries.

Summarizes the for ward-looking analytical work program on macroeconomic issues related to the Poverty Reduction Strategy Paper approach. The program is evolving through a process that began with a technical workshop; participants from low-income countries, donors, academia, and civil society drafte...

Ful tanımlama

Detaylı Bibliyografya
Müşterek Yazar: International Monetary Fund
Materyal Türü: Dergi
Dil:English
Baskı/Yayın Bilgisi: Washington, D.C. : International Monetary Fund, 2004.
Seri Bilgileri:Pamphlet Series; Pamphlet Series, No.
Online Erişim:Full text available on IMF
LEADER 01673cas a2200241 a 4500
001 AALejournalIMF012839
008 230101c9999 xx r poo 0 0eng d
020 |c 5.00 USD 
020 |z 9781589062733 
022 |a 0538-8759 
040 |a BD-DhAAL  |c BD-DhAAL 
110 2 |a International Monetary Fund. 
245 1 0 |a IMF Macroeconomic Research on Low-Income Countries. 
264 1 |a Washington, D.C. :  |b International Monetary Fund,  |c 2004. 
300 |a 1 online resource (124 pages) 
490 1 |a Pamphlet Series 
500 |a <strong>Off-Campus Access:</strong> No User ID or Password Required 
500 |a <strong>On-Campus Access:</strong> No User ID or Password Required 
506 |a Electronic access restricted to authorized BRAC University faculty, staff and students 
520 3 |a Summarizes the for ward-looking analytical work program on macroeconomic issues related to the Poverty Reduction Strategy Paper approach. The program is evolving through a process that began with a technical workshop; participants from low-income countries, donors, academia, and civil society drafted guidance on selected issues and identified priority research topics. Partners, policymakers, and economic scholars are encouraged to share their perspectives and findings through respective team leaders, whose e-mail addresses are provided. The publication also summarizes IMF analytical work, and contains a bibliography of nearly 1,000 papers. 
538 |a Mode of access: Internet 
830 0 |a Pamphlet Series; Pamphlet Series, No. 
856 4 0 |z Full text available on IMF  |u http://elibrary.imf.org/view/books/054/03321-9781589062733-en/03321-9781589062733-en-book.xml  |z IMF e-Library